00268nam a2200109Ia 4500008004100000020001500041041000800056100001400064245002300078260004900101300000800150230724s2002 xx und d a0823025144 aeng aSTOREY.S. aLIGHTING BY DESIGN bWATSON GUPTILL PUBLICATIONS, NEW YORK.c2002 a191